| 000 | 00630nam a2200193Ia 4500 | ||
|---|---|---|---|
| 003 | GCL | ||
| 008 | 140319s9999 xx 000 0 ara d | ||
| 040 |
_aGCL / _cGCL |
||
| 082 | 0 | 4 |
_a636.97 _bم ج |
| 100 | 1 | _aمحمد رشاد الطوبى | |
| 245 | 1 | 0 |
_aجولة فى عالم الثدييات / _cمحمد رشاد الطوبى |
| 700 | 1 | _aكمال ميخائيل واصف | |
| 260 |
_a[S.N] : _bاكاديمية البحث العلمى والتكنولوجيا ، _c1992 |
||
| 300 | _a127 ص | ||
| 490 |
_aقطوف من العلم _v0 |
||
| 650 | 0 | 4 | _aالفقاريات |
| 650 | 0 | 4 | _aالثدييات |
| 942 |
_2ddc _cBK |
||
| 999 |
_c36728 _d36728 |
||